000 00372nam a2200157Ia 4500
008 210210b1936 xxu||||| |||| 00| 0 eng d
041 _aeng
082 _a580/327
100 _aST JOSEPHS INDUSTRIAL SCHOOL
245 _aSystematic botany
260 _aTrichy
_bNot Mentioned
_c1936
650 _aSystematic
650 _abotany
690 _aBotany
906 _a010577
999 _c138345
_d138345